01029nac a22002771i 4500003000900000005001700009008004100026020001500067040004300082082001900125100002900144245010900173264007400282264001000356300004500366336002600411337002800437338002700465500002000492500002400512650002200536655001700558942001200575999001500587952014900602EG-ScBUE20250326092814.0250313t2002 ii a fr 001 0 eng d a8122413897 aEG-ScBUEbengerdacEG-ScBUEdEG-ScBUE04a526.9bCHA2221 aChandra, A. M.,eauthor.10aPlane surveying /cA. M. Chandra, prof. of civil engineering, Indian Institute of Technology, (Roorkee). 1aDaryaganj, New Delhi : bNew Age International (P.) Limited, c[2002] 4cc2002 axvi, 652 pages :billustrations ;c24 cm 2rdacontentatextbtxt aunmediated2rdamediabn avolumebnc2rdacarrier aIncludes index. aIncludes appendix.  7aSurveying.2BUEsh vReading book cBB2ddc c1346d1346 00102ddc40708BaccahaMAINbMAINc1STd2006-09-04g90.00l3m2o526.9 CHAp000003115r2025-07-15 00:00:00s2018-09-17v112.50w2006-09-04yBB